Yvonne McDermott, Fairness in International Criminal Trials. Oxford, Oxford University Press, coll. Oxford Monographs in International Humanitarian and Criminal Law, 2016, 220 pages (notice n° 2210295)

détails MARC
000 -LEADER
fixed length control field 01464cam a2200157 4500500
005 - DATE AND TIME OF LATEST TRANSACTION
control field 20260412000541.0
041 ## - LANGUAGE CODE
Language code of text/sound track or separate title fre
042 ## - AUTHENTICATION CODE
Authentication code dc
100 10 - MAIN ENTRY--PERSONAL NAME
Personal name Cabrejo, Amanda
Relator term author
245 00 - TITLE STATEMENT
Title Yvonne McDermott, Fairness in International Criminal Trials. Oxford, Oxford University Press, coll. Oxford Monographs in International Humanitarian and Criminal Law, 2016, 220 pages
260 ## - PUBLICATION, DISTRIBUTION, ETC.
Date of publication, distribution, etc. 2016.<br/>
500 ## - GENERAL NOTE
General note 34
520 ## - SUMMARY, ETC.
Summary, etc. La loi n° 2016-1321 du 7 octobre 2016, pour une République numérique (JO 8 oct. 2016), a inséré au code pénal un article 226-2-1 tendant à réprimer plus sévèrement les atteintes à la vie privée présentant un caractère sexuel. Mais la méthode employée à cette fin est insatisfaisante. D'un côté, l'alinéa 1er du nouveau texte instaure une circonstance aggravante dont la teneur est incompatible avec l'une des conditions de constitution des délits auquel elle s'applique, ce qui fait douter de sa nature véritable. De l'autre, l'alinéa 2nd emprunte à l'article 226-2 une formule dans des circonstances telles qu'il pourrait contredire l'interprétation qui en a été faite par la Cour de cassation, ce qui fait douter de la pérennité de celle-ci.
786 0# - DATA SOURCE ENTRY
Note Revue de science criminelle et de droit pénal comparé | 4 | 4 | 2016-10-01 | p. 877a-886a | 0035-1733
856 41 - ELECTRONIC LOCATION AND ACCESS
Uniform Resource Identifier <a href="https://droit.cairn.info/revue-de-science-criminelle-et-de-droit-penal-compare-2016-4-page-877a?lang=fr&redirect-ssocas=7080">https://droit.cairn.info/revue-de-science-criminelle-et-de-droit-penal-compare-2016-4-page-877a?lang=fr&redirect-ssocas=7080</a>

Pas d'exemplaire disponible.

PLUDOC

PLUDOC est la plateforme unique et centralisée de gestion des bibliothèques physiques et numériques de Guinée administré par le CEDUST. Elle est la plus grande base de données de ressources documentaires pour les Étudiants, Enseignants chercheurs et Chercheurs de Guinée.

Adresse

627 919 101/664 919 101

25 boulevard du commerce
Kaloum, Conakry, Guinée

Réseaux sociaux

Powered by Netsen Group @ 2025